Capitalismo contra capitalismo / (Record no. 6652)

MARC details
000 -CABECERA
campo de control de longitud fija 00777nam a2200229 a 4500
005 - FECHA Y HORA DE LA ÚLTIMA TRANSACCIÓN
campo de control 20240918130634.0
008 - ELEMENTOS DE LONGITUD FIJA--INFORMACIÓN GENERAL
campo de control de longitud fija 991125m19911997ag 000 0 spa u
020 ## - NÚMERO INTERNACIONAL NORMALIZADO PARA LIBROS
Número Internacional Estándar del Libro 9501254119
035 ## - NÚMERO DE CONTROL DEL SISTEMA
Número de control de sistema UPN01000006652
049 ## - COLECCIÓN
Colección CG
050 #4 - SIGNATURA TOPOGRÁFICA DE LA BIBLIOTECA DEL CONGRESO
Número de clasificación HC59.15
Número de documento/Ítem A5.28
100 1# - ASIENTO PRINCIPAL--NOMBRE PERSONAL
Nombre de persona Albert, Michel,
Fechas asociadas al nombre 1935-
9 (RLIN) 30356
245 10 - MENCIÓN DE TÍTULO
Título Capitalismo contra capitalismo /
Mención de responsabilidad, etc. Michel Albert ; tr. de José Federico Delos.
260 ## - PUBLICACIÓN, DISTRIBUCIÓN, ETC.
Lugar de publicación, distribución, etc. Buenos Aires :
Nombre del editor, distribuidor, etc. Paidós,
Fecha de publicación, distribución, etc. 1991 (1997 impr.).
300 ## - DESCRIPCIÓN FÍSICA
Extensión 253 p. :
Otras características físicas il.
440 #0 - MENCIÓN DE SERIE/ASIENTO SECUNDARIO--TÍTULO
Título Paidós estado y sociedad ;
Designación de volumen o secuencia 11
650 #4 - ASIENTO SECUNDARIO DE MATERIA - TERMINO TEMATICO
Término de materia o nombre geográfico como elemento de entrada Capitalismo
9 (RLIN) 6436
610 24 - ASIENTO SECUNDARIO DE MATERIA - NOMBRE CORPORATIVO
Nombre de entidad corporativa o nombre de jurisdicción como elemento de entrada COMUNIDAD ECONOMICA EUROPEA -
Subdivisión general CONDICIONES ECONOMICAS
9 (RLIN) 11474
650 #4 - ASIENTO SECUNDARIO DE MATERIA - TERMINO TEMATICO
Término de materia o nombre geográfico como elemento de entrada HISTORIA ECONOMICA -
Subdivisión cronológica 1990-
9 (RLIN) 25016
651 #4 - ASIENTO SECUNDARIO DE MATERIA - NOMBRE GEOGRAFICO
Nombre geográfico Estados Unidos
Subdivisión general Condiciones económicas
Subdivisión cronológica 1981-
9 (RLIN) 23747
905 ## - TIPO DE MATERIAL
Tipo de material Libro
Holdings
Estado de retiro Estado de pérdida Fuente del sistema de clasificación o colocación Estado dañado No para préstamo Código de colección Localización permanente Ubicación/localización actual Ubicación en estantería Total de préstamos Clasificación Código de barras Fecha visto por última vez Número de copia Tipo de ítem Koha
    Library of Congress Classification     Colección General Bib. Gregorio Torres Quintero Bib. Gregorio Torres Quintero Planta baja 1 HC59.15 A5.28 161497 31/12/2020 1 Libro
    Library of Congress Classification     Colección General Bib. Gregorio Torres Quintero Bib. Gregorio Torres Quintero Planta baja   HC59.15 A5.28 161496 31/12/2020 1 Libro